00924nam a2200217 a 45000010005000000030009000050050017000140080041000310200015000720400033000870820020001201000024001402450084001642600093002483000047003415040051003886100100004396500018005396500077005577100072006348365BD-DhUAP20200203164049.0200203s1998 bg a b 001 0deng d a9843103556 aWCLcBD-DhUAPdBD-DhUAPbEng00a341.481 KHA2231 aKhan, Borhan Uddin.10aFifty years of the Universal Declaration of Human Rights /cBorhan Uddin Khan.  aDhaka, Bangladesh :bIDHRB, Ministry of Law, Justice and Parliamentary Affairs,cc1998.  aviii, 639 pages :billustrations ;c25 cm. aIncludes bibliographical references and index.20aUnited Nations.bGeneral Assembly.tUniversal Declaration of Human RightsxAnniversaries, etc.  aHuman rights  aUniversal Declaration of Human RightsvGeneral AssemblyvUnited Nations.2 aInstitutional Development of Human Rights in Bangladesh (Project).